[Event "Oberliga Ost A 2018 2019"]
[Site "?"]
[Date "2019.02.02"]
[Round "6.3"]
[White "Mueller, Richard"]
[Black "Wegener, Dirk"]
[Result "0-1"]
[WhiteElo "2161"]
[BlackElo "2383"]
[PlyCount "44"]
[EventDate "2018.10.21"]
[EventType "team-tourn"]
[EventCountry "GER"]
[WhiteTeam "Coswig TuS"]
[BlackTeam "Dresden USV TU II"]
[WhiteTeamCountry "GER"]
[BlackTeamCountry "GER"]

1. d4 Nf6 2. c4 g6 3. Nc3 Bg7 4. e4 d6 5. f3 O-O 6. Be3 c5 7. Nge2 Nc6 8. d5
Ne5 9. Ng3 e6 10. Be2 exd5 11. cxd5 h5 12. O-O h4 13. Nh1 Nh7 14. Nf2 f5 15.
Qd2 Bd7 16. Kh1 Qf6 17. exf5 gxf5 18. Nh3 Ng6 19. f4 Nh8 20. Bf2 Qh6 21. Rae1
Nf7 22. Bb5 Bxc3 0-1

[Event "Oberliga Ost A 2018 2019"]
[Site "?"]
[Date "2019.02.02"]
[Round "6.4"]
[White "Wong, Gengchun"]
[Black "Klawa, Patrick"]
[Result "0-1"]
[WhiteElo "2142"]
[BlackElo "2167"]
[PlyCount "58"]
[EventDate "2018.10.21"]
[EventType "team-tourn"]
[EventCountry "GER"]
[WhiteTeam "Dresden USV TU II"]
[BlackTeam "Coswig TuS"]
[WhiteTeamCountry "GER"]
[BlackTeamCountry "GER"]

1. e4 e5 2. Nf3 d5 3. exd5 Bd6 4. d4 e4 5. Ne5 Nf6 6. Bb5+ Nbd7 7. Bg5 a6 8.
Bxd7+ Bxd7 9. O-O h6 10. Bxf6 gxf6 11. Nxd7 Qxd7 12. c4 O-O-O 13. Nc3 f5 14. c5
Bf4 15. Qe2 Rdg8 16. c6 Qd6 17. cxb7+ Kxb7 18. g3 h5 19. Kh1 Bh6 20. Rg1 h4 21.
g4 fxg4 22. Rxg4 f5 23. Rxg8 Rxg8 24. Rg1 Rxg1+ 25. Kxg1 Qg6+ 26. Kh1 h3 27.
Qf1 Qg4 28. Ne2 Qf3+ 29. Kg1 e3 0-1

[Event "Oberliga Ost A 2018 2019"]
[Site "?"]
[Date "2019.02.02"]
[Round "6.5"]
[White "Escher, Thomas"]
[Black "Oehl, Tim"]
[Result "1-0"]
[WhiteElo "2179"]
[BlackElo "2126"]
[PlyCount "85"]
[EventDate "2018.10.21"]
[EventType "team-tourn"]
[EventCountry "GER"]
[WhiteTeam "Coswig TuS"]
[BlackTeam "Dresden USV TU II"]
[WhiteTeamCountry "GER"]
[BlackTeamCountry "GER"]

1. e4 e6 2. d4 d5 3. Nc3 Bb4 4. e5 Ne7 5. Bd2 b6 6. Nb5 Bxd2+ 7. Qxd2 a6 8. Na3
c5 9. c3 Nbc6 10. Nf3 O-O 11. Bd3 f6 12. exf6 Rxf6 13. O-O Qd6 14. Rae1 cxd4
15. cxd4 Bd7 16. Re3 Nf5 17. Bxf5 exf5 18. Rfe1 f4 19. Rc3 Raf8 20. Qd3 Nb4 21.
Qb1 Bf5 22. Qa1 Be4 23. Nc4 dxc4 24. Rxe4 b5 25. a4 Qc6 26. Qe1 Nd5 27. Ne5 Qb7
28. Rf3 h6 29. h4 g5 30. Ng4 Rg6 31. h5 Rc6 32. Re6 Kg7 33. Qe5+ Rf6 34. Nxf6
Rxe6 35. Qxe6 Nxf6 36. axb5 axb5 37. Ra3 b4 38. Ra6 Qf7 39. Qb6 c3 40. bxc3
bxc3 41. Ra7 Nd7 42. Qc6 c2 43. Qxc2 1-0

[Event "Oberliga Ost A 2018 2019"]
[Site "?"]
[Date "2019.02.02"]
[Round "6.6"]
[White "Richter, Claudius"]
[Black "Piotraschke, Jens"]
[Result "1/2-1/2"]
[WhiteElo "2050"]
[BlackElo "2131"]
[PlyCount "82"]
[EventDate "2018.10.21"]
[EventType "team-tourn"]
[EventCountry "GER"]
[WhiteTeam "Dresden USV TU II"]
[BlackTeam "Coswig TuS"]
[WhiteTeamCountry "GER"]
[BlackTeamCountry "GER"]

1. e4 c6 2. d4 d5 3. Nd2 dxe4 4. Nxe4 Bf5 5. Ng3 Bg6 6. Nf3 Nd7 7. h4 h6 8. h5
Bh7 9. Bd3 Bxd3 10. Qxd3 Qc7 11. Bd2 e6 12. O-O-O Ngf6 13. Kb1 O-O-O 14. Rhe1
Bd6 15. Ne4 Nxh5 16. Nxd6+ Qxd6 17. Qb3 Qc7 18. Qa4 Kb8 19. Ba5 b6 20. Bd2 g5
21. c4 Nf4 22. g3 Ng6 23. Bc3 Rhe8 24. Rh1 Nf6 25. Rde1 Ng8 26. d5 exd5 27.
Rxe8 Rxe8 28. cxd5 Rc8 29. Rc1 Qd7 30. Qe4 Qxd5 31. Qxd5 cxd5 32. Rd1 Rd8 33.
Nd4 N8e7 34. Rh1 Kb7 35. Rxh6 Nc6 36. Rh5 g4 37. Rg5 Nce5 38. Ne2 Nd3 39. Rf5
Rd7 40. Kc2 Nc5 41. Bd4 Ne6 1/2-1/2

[Event "Oberliga Ost A 2018 2019"]
[Site "?"]
[Date "2019.02.02"]
[Round "6.7"]
[White "Merker, Matthias"]
[Black "Richter, Philipp"]
[Result "1-0"]
[WhiteElo "2137"]
[BlackElo "2009"]
[PlyCount "57"]
[EventDate "2018.10.21"]
[EventType "team-tourn"]
[EventCountry "GER"]
[WhiteTeam "Coswig TuS"]
[BlackTeam "Dresden USV TU II"]
[WhiteTeamCountry "GER"]
[BlackTeamCountry "GER"]

1. d4 Nf6 2. c4 c5 3. d5 e6 4. Nc3 exd5 5. cxd5 d6 6. e4 g6 7. f4 Bg7 8. Nf3
O-O 9. Be2 Re8 10. Nd2 Nbd7 11. O-O a6 12. a4 Qc7 13. Kh1 c4 14. e5 dxe5 15.
Nxc4 e4 16. Be3 b6 17. Rc1 Qb8 18. d6 b5 19. axb5 axb5 20. Ne5 Ba6 21. Nd5 Nxd5
22. Qxd5 Nxe5 23. fxe5 Qb7 24. Qb3 Rac8 25. Rxc8 Rxc8 26. e6 fxe6 27. Qxe6+ Kh8
28. d7 Rg8 29. Qxg8+ 1-0

[Event "Oberliga Ost A 2018 2019"]
[Site "?"]
[Date "2019.02.02"]
[Round "6.8"]
[White "Ledfuss, Guntram"]
[Black "Kunath, Tim"]
[Result "0-1"]
[WhiteElo "2007"]
[BlackElo "2080"]
[PlyCount "110"]
[EventDate "2018.10.21"]
[EventType "team-tourn"]
[EventCountry "GER"]
[WhiteTeam "Dresden USV TU II"]
[BlackTeam "Coswig TuS"]
[WhiteTeamCountry "GER"]
[BlackTeamCountry "GER"]

1. d4 Nf6 2. Bg5 d5 3. c4 e6 4. Nc3 Be7 5. cxd5 exd5 6. Qc2 c6 7. e3 O-O 8. Bd3
Nbd7 9. Nge2 Re8 10. Rd1 Nf8 11. O-O Ng6 12. f3 Nh5 13. Bxe7 Qxe7 14. e4 Qg5
15. Kh1 Nh4 16. g3 Bh3 17. f4 Qg4 18. Rf2 dxe4 19. Bxe4 Nf5 20. Rg1 Nf6 21. Bf3
Qg6 22. Ne4 Ne3 23. Nxf6+ Qxf6 24. Qd2 Ng4 25. Bxg4 Bxg4 26. Nc3 Rad8 27. h3
Rxd4 28. Re1 Rxe1+ 29. Qxe1 Qe6 30. Qxe6 Bxe6 31. Re2 Kf8 32. Kg2 Rd3 33. a3
Bc4 34. Rc2 b5 35. Kf2 Ke7 36. Ne4 Rd1 37. h4 Bd3 38. Rd2 Rxd2+ 39. Nxd2 Kd6
40. Ke3 Bf5 41. Kd4 c5+ 42. Kc3 Kd5 43. Nb3 Bd7 44. Nd2 a5 45. b3 b4+ 46. axb4
axb4+ 47. Kd3 Bb5+ 48. Ke3 c4 49. bxc4+ Bxc4 50. Ne4 b3 51. Nc3+ Kc5 52. Nd1
Kb4 53. Kd2 Ka3 54. Kc3 Be2 55. Nb2 h5 0-1

[Event "Oberliga Ost A 2018 2019"]
[Site "?"]
[Date "2019.02.02"]
[Round "6.1"]
[White "Bures, Jaroslav"]
[Black "Zwahr, Paul"]
[Result "0-1"]
[WhiteElo "2393"]
[BlackElo "2271"]
[PlyCount "72"]
[EventDate "2018.10.21"]
[EventType "team-tourn"]
[EventCountry "GER"]
[WhiteTeam "Hoyerswerda FVS ASP"]
[BlackTeam "Dresden SG Gruen Weiss"]
[WhiteTeamCountry "GER"]
[BlackTeamCountry "GER"]

1. d4 Nf6 2. c4 g6 3. Nc3 Bg7 4. e4 d6 5. Nf3 O-O 6. Be2 e5 7. O-O Nc6 8. d5
Ne7 9. Ne1 Nd7 10. Nd3 f5 11. Bd2 Nf6 12. f3 f4 13. c5 g5 14. Rc1 Ng6 15. Nb5
Rf7 16. Ba5 b6 17. cxd6 cxd6 18. Be1 a6 19. Nc3 b5 20. Bf2 h5 21. a4 g4 22.
axb5 g3 23. hxg3 fxg3 24. Bxg3 h4 25. Bf2 Nh5 26. Kh2 Bh6 27. Rh1 Rg7 28. Bf1
Ng3 29. bxa6 Nf4 30. Ne1 Nxf1+ 31. Rxf1 Qg5 32. Rg1 Qg3+ 33. Bxg3 hxg3+ 34. Kh1
Rh7 35. Rf1 Ne2 36. Qxe2 Be3# 0-1

[Event "Oberliga Ost A 2018 2019"]
[Site "?"]
[Date "2019.02.02"]
[Round "6.2"]
[White "Rudolf, Sebastian"]
[Black "Spivak, Ilya"]
[Result "1/2-1/2"]
[WhiteElo "2297"]
[BlackElo "2311"]
[PlyCount "20"]
[EventDate "2018.10.21"]
[EventType "team-tourn"]
[EventCountry "GER"]
[WhiteTeam "Dresden SG Gruen Weiss"]
[BlackTeam "Hoyerswerda FVS ASP"]
[WhiteTeamCountry "GER"]
[BlackTeamCountry "GER"]

1. e4 c5 2. Nf3 e6 3. b3 b6 4. Bb2 Bb7 5. Qe2 Nf6 6. e5 Nd5 7. g3 Be7 8. Bg2
O-O 9. O-O Qc7 10. d4 b5 1/2-1/2

[Event "Oberliga Ost A 2018 2019"]
[Site "?"]
[Date "2019.02.02"]
[Round "6.3"]
[White "Orsag, Milan"]
[Black "Gehmlich, Marcel"]
[Result "1-0"]
[WhiteElo "2286"]
[BlackElo "2200"]
[PlyCount "81"]
[EventDate "2018.10.21"]
[EventType "team-tourn"]
[EventCountry "GER"]
[WhiteTeam "Hoyerswerda FVS ASP"]
[BlackTeam "Dresden SG Gruen Weiss"]
[WhiteTeamCountry "GER"]
[BlackTeamCountry "GER"]

1. d4 Nf6 2. Nf3 e6 3. c4 Bb4+ 4. Nbd2 O-O 5. a3 Bxd2+ 6. Bxd2 b6 7. Bg5 Bb7 8.
e3 d6 9. Be2 Nbd7 10. O-O h6 11. Bh4 c5 12. Nd2 Rc8 13. Bf3 Qc7 14. Bg3 e5 15.
d5 Rce8 16. e4 Nh7 17. Be2 Bc8 18. b4 f5 19. exf5 Ndf6 20. Bd3 e4 21. Bc2 Bxf5
22. Re1 g6 23. Qb1 Re7 24. Nxe4 Nxe4 25. Bxe4 Rfe8 26. f3 Bxe4 27. fxe4 cxb4
28. e5 Nf8 29. Qxb4 dxe5 30. d6 a5 31. Qd2 Qd7 32. Qd5+ Re6 33. Rxe5 Kh7 34.
Rf1 Kg7 35. Rd1 Rc8 36. Qd4 Kh7 37. Qxb6 Rxc4 38. Rxa5 Re7 39. Rf1 Rf7 40.
Rxf7+ Qxf7 41. h3 1-0

[Event "Oberliga Ost A 2018 2019"]
[Site "?"]
[Date "2019.02.02"]
[Round "6.4"]
[White "Nake, Matthias"]
[Black "Kesik, Klaus Dieter"]
[Result "1-0"]
[WhiteElo "2167"]
[BlackElo "2194"]
[PlyCount "135"]
[EventDate "2018.10.21"]
[EventType "team-tourn"]
[EventCountry "GER"]
[WhiteTeam "Dresden SG Gruen Weiss"]
[BlackTeam "Hoyerswerda FVS ASP"]
[WhiteTeamCountry "GER"]
[BlackTeamCountry "GER"]

1. e4 Nf6 2. e5 Nd5 3. d4 d6 4. c4 Nb6 5. exd6 exd6 6. Nc3 Be7 7. Be2 Bf5 8.
Nf3 O-O 9. O-O Nc6 10. d5 Ne5 11. Nd4 Bd7 12. b3 c5 13. dxc6 bxc6 14. Bb2 f5
15. f4 Ng4 16. Qd2 Qc7 17. Bf3 Rae8 18. Rae1 Bf6 19. h3 Nh6 20. Re2 Rxe2 21.
Ndxe2 Re8 22. Rd1 Nc8 23. Ba3 Nf7 24. Bb2 Qb6+ 25. Kh2 Qe3 26. Na4 Bxb2 27.
Qxe3 Rxe3 28. Nxb2 h6 29. Kg1 g5 30. Kf2 Re7 31. g3 Kg7 32. Nd3 Nd8 33. Nc3 a5
34. Re1 Rxe1 35. Nxe1 gxf4 36. gxf4 Ne6 37. Ke3 Ne7 38. Nd3 Kf6 39. b4 axb4 40.
Nxb4 Nc5 41. Nd3 Nb7 42. Na4 Na5 43. Nb6 Be6 44. Kd4 Nc8 45. c5 d5 46. Ne5 Na7
47. Be2 Ke7 48. Bd3 Nb7 49. Ba6 Nd8 50. Bd3 Kf6 51. Be2 Bc8 52. Nxc8 Nxc8 53.
Kc3 Na7 54. a4 Ne6 55. Nd3 Nc7 56. Kb4 Ke6 57. Ne5 Kf6 58. Ka5 Ne6 59. Nd3 Nc8
60. Ka6 Ke7 61. Kb7 Kd8 62. a5 Nd4 63. Bd1 Nb5 64. Ne5 Nc3 65. Nxc6+ Kd7 66.
Ne5+ Kd8 67. Nf7+ Kd7 68. c6+ 1-0

[Event "Oberliga Ost A 2018 2019"]
[Site "?"]
[Date "2019.02.02"]
[Round "6.5"]
[White "Jahnel, Guenther"]
[Black "Kunze, Christopher"]
[Result "1-0"]
[WhiteElo "2201"]
[BlackElo "2120"]
[PlyCount "75"]
[EventDate "2018.10.21"]
[EventType "team-tourn"]
[EventCountry "GER"]
[WhiteTeam "Hoyerswerda FVS ASP"]
[BlackTeam "Dresden SG Gruen Weiss"]
[WhiteTeamCountry "GER"]
[BlackTeamCountry "GER"]

1. d4 Nf6 2. c4 g6 3. Nc3 Bg7 4. Nf3 O-O 5. Bg5 d6 6. e3 c6 7. Be2 Nbd7 8. O-O
Re8 9. Bh4 Qc7 10. h3 a6 11. a4 b6 12. Rc1 c5 13. Bg3 Rf8 14. Re1 Bb7 15. d5
Ne5 16. Nd2 Rad8 17. f4 Ned7 18. e4 e5 19. dxe6 fxe6 20. Rf1 Bh6 21. f5 exf5
22. exf5 Ne5 23. fxg6 hxg6 24. Rc2 Qc6 25. Nf3 Nh5 26. Nd5 Rde8 27. Nxe5 Rxf1+
28. Qxf1 dxe5 29. Bxh5 gxh5 30. Nf6+ Kg7 31. Nxe8+ Qxe8 32. Qf5 e4 33. Be5+ Kg8
34. Rc3 e3 35. Qf6 Kh7 36. Kh2 Be4 37. Rxe3 Bg6 38. Bf4 1-0

[Event "Oberliga Ost A 2018 2019"]
[Site "?"]
[Date "2019.02.02"]
[Round "6.6"]
[White "Rensch, Toralf"]
[Black "Boehm, Robert"]
[Result "0-1"]
[WhiteElo "2101"]
[BlackElo "2169"]
[PlyCount "118"]
[EventDate "2018.10.21"]
[EventType "team-tourn"]
[EventCountry "GER"]
[WhiteTeam "Dresden SG Gruen Weiss"]
[BlackTeam "Hoyerswerda FVS ASP"]
[WhiteTeamCountry "GER"]
[BlackTeamCountry "GER"]

1. e4 c5 2. Nf3 Nc6 3. Bb5 Nf6 4. Nc3 g6 5. h3 Bg7 6. e5 Ng8 7. Bxc6 dxc6 8.
Qe2 Nh6 9. Ne4 b6 10. d3 Nf5 11. Bd2 Nd4 12. Nxd4 cxd4 13. f4 Qd5 14. c4 dxc3
15. Nxc3 Qd7 16. d4 Qxd4 17. Be3 Qd7 18. Rd1 Qc7 19. O-O O-O 20. Rc1 Be6 21. g4
f5 22. Nb5 Qb7 23. Nd4 Bd5 24. gxf5 gxf5 25. Qh5 e6 26. Kh2 Qf7 27. Qh4 Rac8
28. Rg1 Kh8 29. Rg3 Rg8 30. Rcg1 a6 31. Nf3 Bxf3 32. Rxf3 c5 33. Rfg3 b5 34.
Rg5 Qe7 35. Qe1 Bh6 36. Rxg8+ Rxg8 37. Rxg8+ Kxg8 38. Qg1+ Kf7 39. Qd1 c4 40.
Kg3 Bf8 41. Bb6 Kg6 42. a3 h5 43. Bf2 Qc7 44. Kh2 Bh6 45. Be3 h4 46. Qd4 Bf8
47. Bf2 Be7 48. Qd1 Qd8 49. Qe1 a5 50. Qe3 b4 51. axb4 axb4 52. Be1 Qd5 53.
Qg1+ Kf7 54. Qa7 Qc5 55. Qb7 c3 56. bxc3 bxc3 57. Bxh4 c2 58. Bxe7 Qf2+ 59. Kh1
c1=Q# 0-1

[Event "Oberliga Ost A 2018 2019"]
[Site "?"]
[Date "2019.02.02"]
[Round "6.7"]
[White "Grohmann, Alexander"]
[Black "Rudolf, Matthias"]
[Result "1/2-1/2"]
[WhiteElo "1984"]
[BlackElo "2093"]
[PlyCount "52"]
[EventDate "2018.10.21"]
[EventType "team-tourn"]
[EventCountry "GER"]
[WhiteTeam "Hoyerswerda FVS ASP"]
[BlackTeam "Dresden SG Gruen Weiss"]
[WhiteTeamCountry "GER"]
[BlackTeamCountry "GER"]

1. b3 b6 2. Bb2 Bb7 3. e3 e6 4. Nf3 Nf6 5. d4 Be7 6. Bd3 O-O 7. Nbd2 d5 8. O-O
c5 9. Ne5 Nc6 10. Nxc6 Bxc6 11. Qe2 cxd4 12. exd4 Qc7 13. Nf3 Bd6 14. Ne5 Bxe5
15. dxe5 Nd7 16. Qh5 h6 17. f4 Nc5 18. Rf3 Nxd3 19. cxd3 d4 20. Rg3 Kh7 21.
Bxd4 Be8 22. f5 Qd7 23. Be3 f6 24. Qf3 Rd8 25. fxe6 Qxe6 26. d4 Bc6 1/2-1/2

[Event "Oberliga Ost A 2018 2019"]
[Site "?"]
[Date "2019.02.02"]
[Round "6.8"]
[White "Hutschenreiter, Joerg"]
[Black "Heyme, Sibylle"]
[Result "1-0"]
[WhiteElo "2013"]
[BlackElo "2044"]
[PlyCount "155"]
[EventDate "2018.10.21"]
[EventType "team-tourn"]
[EventCountry "GER"]
[WhiteTeam "Dresden SG Gruen Weiss"]
[BlackTeam "Hoyerswerda FVS ASP"]
[WhiteTeamCountry "GER"]
[BlackTeamCountry "GER"]

1. d4 Nf6 2. c4 c5 3. d5 b5 4. cxb5 a6 5. bxa6 Bxa6 6. Nc3 d6 7. g3 g6 8. Bg2
Bg7 9. Nf3 O-O 10. O-O Nbd7 11. Qc2 Nb6 12. Rd1 Qb8 13. e4 Rc8 14. Rb1 Nfd7 15.
Bg5 Re8 16. b3 Qa7 17. a4 Rab8 18. Bf1 Bxf1 19. Kxf1 c4 20. b4 Bxc3 21. Qxc3
Nxa4 22. Qxc4 Ndb6 23. Qd3 Rbc8 24. Rdc1 Qd7 25. Kg2 e5 26. dxe6 Qxe6 27. Rxc8
Nxc8 28. Rc1 Nab6 29. Qc3 Nd7 30. Re1 f6 31. Nd4 Qg4 32. Bc1 Qh5 33. Bb2 Ncb6
34. f4 d5 35. exd5 Qxd5+ 36. Nf3 Rc8 37. Qd2 Qb3 38. Rc1 Re8 39. Re1 Rc8 40.
Rc1 Re8 41. Ba1 Ra8 42. Rc3 Qe6 43. Bb2 Nc4 44. Rxc4 Qxc4 45. Qxd7 Qe2+ 46. Kh3
Qxf3 47. Qe6+ Kf8 48. Qxf6+ Ke8 49. Qe6+ Kd8 50. Bf6+ Kc7 51. Be5+ Kb7 52. Qd7+
Ka6 53. Qxh7 Qe4 54. Qd7 g5 55. b5+ Ka5 56. Bc3+ Ka4 57. Qd4+ Qxd4 58. Bxd4
gxf4 59. gxf4 Kxb5 60. Kg4 Kc4 61. Be5 Rg8+ 62. Kf5 Kd5 63. h4 Rg1 64. Bf6 Rh1
65. Bg5 Kd6 66. Kf6 Kd7 67. Kf7 Kd6 68. f5 Ke5 69. f6 Rb1 70. Kg7 Ke6 71. Kg6
Rb8 72. Bh6 Rb2 73. h5 Rf2 74. Bg5 Rh2 75. h6 Rh3 76. f7 Rf3 77. h7 Rxf7 78.
h8=Q 1-0

[Event "Oberliga Ost A 2018 2019"]
[Site "?"]
[Date "2019.02.02"]
[Round "6.1"]
[White "Natsidis, Christoph"]
[Black "Sieber, Fiona"]
[Result "1-0"]
[WhiteElo "2306"]
[BlackElo "2264"]
[PlyCount "57"]
[EventDate "2018.10.21"]
[EventType "team-tourn"]
[EventCountry "GER"]
[WhiteTeam "Leipzig SG"]
[BlackTeam "Magdeburg SG Aufbau Elbe"]
[WhiteTeamCountry "GER"]
[BlackTeamCountry "GER"]

1. Nf3 Nf6 2. g3 g6 3. Bg2 Bg7 4. O-O d5 5. c4 c5 6. d4 dxc4 7. dxc5 Qc7 8. Na3
c3 9. b4 Bd7 10. Bf4 Qc8 11. Be5 b6 12. Bxc3 O-O 13. Rc1 bxc5 14. Ne5 Qa6 15.
Bxa8 Qxa3 16. bxc5 Ba4 17. Qd2 Qxc5 18. Nxg6 hxg6 19. Bxf6 Qb6 20. Bxg7 Kxg7
21. Rb1 Qa6 22. Bb7 Qf6 23. Qb2 e5 24. Qa3 Bc6 25. Qxa7 Qf5 26. f3 Rh8 27. Qf2
Rd8 28. Qb6 Rd6 29. Qc7 1-0

[Event "Oberliga Ost A 2018 2019"]
[Site "?"]
[Date "2019.02.02"]
[Round "6.2"]
[White "Roseneck, Jonas"]
[Black "Pietzsch, Manuel"]
[Result "1-0"]
[WhiteElo "2278"]
[BlackElo "2164"]
[PlyCount "57"]
[EventDate "2018.10.21"]
[EventType "team-tourn"]
[EventCountry "GER"]
[WhiteTeam "Magdeburg SG Aufbau Elbe"]
[BlackTeam "Leipzig SG"]
[WhiteTeamCountry "GER"]
[BlackTeamCountry "GER"]

1. e4 e6 2. d4 d5 3. Nd2 dxe4 4. Nxe4 Nf6 5. Nxf6+ gxf6 6. Bc4 Nd7 7. Ne2 Nb6
8. Bb3 c5 9. c3 Bd7 10. dxc5 Bxc5 11. Nd4 Qe7 12. Be3 O-O-O 13. Qh5 f5 14.
O-O-O Ba4 15. Bg5 f6 16. Bxe6+ Kb8 17. Bf4+ Ka8 18. Rde1 Bxd4 19. cxd4 Rxd4 20.
Qxf5 Rhd8 21. Be3 Rd3 22. Bc5 Qc7 23. Kb1 Be8 24. Bxb6 Qxb6 25. Qxf6 Bg6 26.
Ka1 Qd6 27. Rc1 Rd1 28. Qxd8+ Qxd8 29. Rhxd1 1-0

[Event "Oberliga Ost A 2018 2019"]
[Site "?"]
[Date "2019.02.02"]
[Round "6.3"]
[White "Nguyen, Alex Dac Vuong"]
[Black "Melamed, Tatjana"]
[Result "1-0"]
[WhiteElo "2146"]
[BlackElo "2368"]
[PlyCount "175"]
[EventDate "2018.10.21"]
[EventType "team-tourn"]
[EventCountry "GER"]
[WhiteTeam "Leipzig SG"]
[BlackTeam "Magdeburg SG Aufbau Elbe"]
[WhiteTeamCountry "GER"]
[BlackTeamCountry "GER"]

1. e4 c5 2. Nf3 e6 3. d4 cxd4 4. Nxd4 Nf6 5. Nc3 Nc6 6. Ndb5 Bc5 7. Bf4 O-O 8.
Bc7 Qe7 9. Bd6 Bxd6 10. Qxd6 Qd8 11. Nc7 Rb8 12. Be2 b5 13. e5 b4 14. exf6 bxc3
15. fxg7 Kxg7 16. Qg3+ Kh8 17. Qxc3+ Kg8 18. Qg3+ Kh8 19. Qc3+ Kg8 20. Nb5 Qg5
21. h4 Qg7 22. O-O-O Qxc3 23. Nxc3 d5 24. Bb5 Bb7 25. Bxc6 Bxc6 26. a3 Kh8 27.
Rhe1 Rg8 28. g3 Rg4 29. Re5 Bb5 30. Nxb5 Rxb5 31. c3 Rc5 32. Kc2 h6 33. Rd3 Kg7
34. Re1 Kf6 35. Red1 Re4 36. Rd4 Re2+ 37. R4d2 Re4 38. Rd4 Re2+ 39. R1d2 Re1
40. Rf4+ Kg6 41. Ra4 a5 42. Rg4+ Kf6 43. Rg8 Re4 44. Kd3 e5 45. Rh8 Kg7 46. Rd8
a4 47. Ra8 Rb5 48. Rd8 Rc4 49. Re2 Rc7 50. Ra8 Rcb7 51. Rxa4 Rxb2 52. Rb4 Rxe2
53. Kxe2 Ra7 54. a4 h5 55. Kd3 Kf6 56. c4 dxc4+ 57. Kxc4 Ra5 58. Kb3 Rd5 59.
Kc3 Rd1 60. Rb2 Ra1 61. Kb3 Kf5 62. Ra2 Rb1+ 63. Kc2 Rf1 64. Kd3 Rd1+ 65. Ke2
Rd6 66. a5 Ra6 67. Kd3 Ke6 68. Kc4 Kd6 69. Kb5 Ra8 70. Rd2+ Kc7 71. a6 Rb8+ 72.
Kc5 Rb1 73. Ra2 Kb8 74. a7+ Ka8 75. Kd5 Re1 76. Kd6 e4 77. Ke5 e3 78. fxe3
Rxe3+ 79. Kf4 Rb3 80. Ra5 Rb4+ 81. Kf3 Rb3+ 82. Kg2 Rd3 83. Kh3 Rb3 84. Rxh5
Kxa7 85. Rf5 Rb7 86. h5 Kb8 87. Kh4 Kc8 88. h6 1-0

[Event "Oberliga Ost A 2018 2019"]
[Site "?"]
[Date "2019.02.02"]
[Round "6.4"]
[White "Andre, Gordon"]
[Black "Roesemann, Rainer"]
[Result "1-0"]
[WhiteElo "2334"]
[BlackElo "2238"]
[PlyCount "157"]
[EventDate "2018.10.21"]
[EventType "team-tourn"]
[EventCountry "GER"]
[WhiteTeam "Magdeburg SG Aufbau Elbe"]
[BlackTeam "Leipzig SG"]
[WhiteTeamCountry "GER"]
[BlackTeamCountry "GER"]

1. d4 d5 2. c4 c6 3. Nf3 Nf6 4. Nc3 dxc4 5. a4 Bf5 6. e3 e6 7. Bxc4 Bb4 8. O-O
Nbd7 9. Qe2 Bg6 10. Na2 Bd6 11. b4 Qe7 12. Bb2 O-O 13. Ne5 Bh5 14. f3 Nd5 15.
b5 Nxe5 16. dxe5 Bc5 17. Bxd5 cxd5 18. Nc1 Qg5 19. Re1 Rfc8 20. Nd3 Be7 21.
Rec1 Bg6 22. Bd4 Qf5 23. Nf4 h5 24. h3 h4 25. a5 Bd8 26. Nxg6 Qxg6 27. a6 b6
28. Qf1 Rc2 29. Rxc2 Qxc2 30. Rc1 Qd2 31. Rc6 f6 32. Qc1 Qe2 33. Qf1 Qd2 34.
Qc1 Qe2 35. exf6 Bxf6 36. Bxf6 gxf6 37. Kh2 Re8 38. Rc8 Qxb5 39. Rc7 d4 40.
exd4 Qd5 41. Qf4 Ra8 42. Qg4+ Qg5 43. Qxe6+ Kh8 44. Qe4 Qg3+ 45. Kh1 Qxc7 46.
Qxa8+ Kg7 47. Qb7 Qf7 48. g3 Kg6 49. Qe4+ f5 50. Qc6+ Kh5 51. g4+ fxg4 52.
hxg4+ Kg5 53. Qb5+ Kh6 54. Qc6+ Kg5 55. Qe4 Qb3 56. Qf5+ Kh6 57. Qf6+ Kh7 58.
Qxh4+ Kg6 59. Qh5+ Kg7 60. Qe5+ Kg6 61. Qe4+ Kg5 62. Qf5+ Kh6 63. Qf6+ Kh7 64.
Kg2 Qa2+ 65. Kg3 Qxa6 66. Qf7+ Kh8 67. Qf8+ Kh7 68. Qf7+ Kh8 69. g5 Qf1 70. g6
Qg1+ 71. Kh3 Qh1+ 72. Kg4 Qg2+ 73. Kf4 Qh2+ 74. Ke4 Qh6 75. d5 a5 76. Qe8+ Kg7
77. Qf7+ Kh8 78. Qf6+ Kg8 79. d6 1-0

[Event "Oberliga Ost A 2018 2019"]
[Site "?"]
[Date "2019.02.02"]
[Round "6.5"]
[White "Weitzer, Steffen"]
[Black "Biastoch, Bennet"]
[Result "1/2-1/2"]
[WhiteElo "2270"]
[BlackElo "2202"]
[PlyCount "85"]
[EventDate "2018.10.21"]
[EventType "team-tourn"]
[EventCountry "GER"]
[WhiteTeam "Leipzig SG"]
[BlackTeam "Magdeburg SG Aufbau Elbe"]
[WhiteTeamCountry "GER"]
[BlackTeamCountry "GER"]

1. e4 c5 2. Nf3 d6 3. c3 Nf6 4. Be2 Bd7 5. e5 dxe5 6. Nxe5 Nc6 7. Nxd7 Qxd7 8.
O-O e6 9. d3 Rd8 10. Qa4 Be7 11. Rd1 O-O 12. Qc2 Nd5 13. a4 Ndb4 14. Qd2 Na5
15. Ra3 Nbc6 16. Qc2 Nb4 17. cxb4 cxb4 18. Ra1 Rc8 19. Nc3 Nc6 20. Be3 bxc3 21.
bxc3 Nd4 22. Bxd4 Qxd4 23. Rdc1 Qd7 24. Qb3 Rc7 25. Rc2 Rd8 26. Rd1 Qc8 27. d4
Bf6 28. Rdc1 Bg5 29. Rd1 Bf6 30. Rdc1 Rd6 31. g3 Rb6 32. Qa2 Rbc6 33. d5 exd5
34. Bf3 Rxc3 35. Rxc3 Rxc3 36. Rxc3 Bxc3 37. Bxd5 Qc7 38. Qb3 b6 39. Bxf7+ Qxf7
40. Qxc3 Qd7 41. Qc4+ Kf8 42. Qf4+ Kg8 43. Qc4+ 1/2-1/2

[Event "Oberliga Ost A 2018 2019"]
[Site "?"]
[Date "2019.02.02"]
[Round "6.6"]
[White "Merkert, Maximilian"]
[Black "Hoffmann, Hendrik"]
[Result "0-1"]
[WhiteElo "2259"]
[BlackElo "2272"]
[PlyCount "68"]
[EventDate "2018.10.21"]
[EventType "team-tourn"]
[EventCountry "GER"]
[WhiteTeam "Magdeburg SG Aufbau Elbe"]
[BlackTeam "Leipzig SG"]
[WhiteTeamCountry "GER"]
[BlackTeamCountry "GER"]

1. c4 e6 2. g3 d5 3. Nf3 Nf6 4. Bg2 Be7 5. O-O O-O 6. b3 c5 7. Bb2 Nc6 8. e3 d4
9. exd4 cxd4 10. Re1 Ne8 11. Ne5 Nxe5 12. Rxe5 f6 13. Re1 e5 14. Ba3 Rb8 15.
Bxe7 Qxe7 16. d3 Qc7 17. Qe2 Nd6 18. Nd2 Bd7 19. Ne4 Nf7 20. Qh5 Rbe8 21. g4
Bc6 22. Re2 Nd8 23. Qh4 Ne6 24. Rd2 Nf4 25. f3 Qe7 26. Ng3 a5 27. Re1 Qb4 28.
Red1 a4 29. Ne2 axb3 30. axb3 Qxb3 31. Qf2 Ne6 32. f4 Qa3 33. f5 Nc5 34. Bxc6
bxc6 0-1

[Event "Oberliga Ost A 2018 2019"]
[Site "?"]
[Date "2019.02.02"]
[Round "6.7"]
[White "Rausch, Stephan"]
[Black "Paul, Johannes"]
[Result "1-0"]
[WhiteElo "2253"]
[BlackElo "2385"]
[PlyCount "95"]
[EventDate "2018.10.21"]
[EventType "team-tourn"]
[EventCountry "GER"]
[WhiteTeam "Leipzig SG"]
[BlackTeam "Magdeburg SG Aufbau Elbe"]
[WhiteTeamCountry "GER"]
[BlackTeamCountry "GER"]

1. d4 Nf6 2. Nf3 e6 3. Bg5 h6 4. Bh4 c5 5. e3 b6 6. Nbd2 Bb7 7. h3 Be7 8. Bd3
O-O 9. O-O d6 10. c3 cxd4 11. exd4 Nbd7 12. Re1 Re8 13. Qa4 a6 14. Qb3 Qc7 15.
Bg3 Bc6 16. Qc2 b5 17. Rac1 Rec8 18. Qd1 Qb7 19. Bb1 Bf8 20. Qe2 a5 21. Bf4 Nb6
22. g4 Nc4 23. b3 Nxd2 24. Nxd2 Re8 25. g5 Nd5 26. Bg3 hxg5 27. Ne4 Nf6 28.
Nxf6+ gxf6 29. Qh5 f5 30. Qxg5+ Kh7 31. Bf4 f6 32. Qh5+ Kg8 33. Kh2 Qh7 34.
Qxh7+ Kxh7 35. Rxe6 Be4 36. Bxe4 fxe4 37. Rxf6 Be7 38. Rh6+ Kg7 39. Rg1+ Kf7
40. Bxd6 Rh8 41. Rgg6 Bxd6+ 42. Rxd6 Rxh6 43. Rxh6 Rc8 44. Ra6 Rxc3 45. Rxa5
Rc2 46. Kg3 Ke6 47. Rxb5 Rxa2 48. Re5+ 1-0